[Event "URS-ch sf"]
[Site "Sverdlovsk"]
[Date "1984.??.??"]
[Round "?"]
[White "Petrosian, Arshak B"]
[Black "Osnos, Viatcheslav"]
[Result "1/2-1/2"]
[WhiteElo "2470"]
[BlackElo "2455"]

1.d4 Nf6 2.c4 e6 3.Nf3 Bb4+ 4.Nbd2 d6 5.a3 Bxd2+ 6.Bxd2 Nbd7 7.Bg5 h6 8.Bh4 e5
9.e3 O-O 10.Be2 b6 11.O-O Bb7 12.Nd2 Re8 13.b4 Qb8 14.Bd3 a5 15.b5 Nh7 16.Qc2 Nhf8
17.f4 exd4 18.exd4 c6 19.bxc6 Bxc6 20.f5 d5 21.f6 g6 22.Rab1 Qd6 23.Bg3 Qe6
24.Kh1 Qe3 25.Bf2 Qe6 26.Bg3 Qe3 27.Bf2 Qe6  1/2-1/2

[Event "URS Cup"]
[Site "URS"]
[Date "1984.??.??"]
[Round "?"]
[White "Petrosian, Arshak B"]
[Black "Vitolinsh, Alvis"]
[Result "1-0"]
[WhiteElo "2470"]
[BlackElo "2465"]

1.d4 Nf6 2.c4 e6 3.Nf3 Bb4+ 4.Nbd2 c5 5.a3 Bxd2+ 6.Qxd2 cxd4 7.Nxd4 d5 8.cxd5 Qxd5
9.f3 e5 10.Nc2 e4 11.Qxd5 Nxd5 12.Nd4 O-O 13.fxe4 Nf6 14.e5 Ng4 15.Bf4 Re8
16.Nb5 Na6 17.Nd6 Re6 18.Rc1 Bd7 19.e3 Nxe5 20.Nxb7 Ng6 21.Bg3 Rxe3+ 22.Kd2 Rb3
23.Bxa6 Bf5 24.Nd6 Rd8 25.Bc4 Rxg3 26.hxg3 Rxd6+ 27.Kc3 Bg4 28.Rhf1 Rd7 29.Rce1 Kf8
30.Re4 h5 31.b4 f6 32.b5 Ne7 33.Rd4 Rxd4 34.Kxd4 Nf5+ 35.Kc5 Nxg3 36.Re1 Bf5
37.Bd5 Bc2 38.Re6 h4 39.Ra6  1-0

[Event "Yerevan"]
[Site "Yerevan"]
[Date "1984.??.??"]
[Round "?"]
[White "Lukov, Valentin"]
[Black "Kholmov, Ratmir D"]
[Result "1/2-1/2"]
[WhiteElo "2435"]
[BlackElo "2465"]

1.d4 Nf6 2.c4 e6 3.Nf3 Bb4+ 4.Nbd2 b6 5.a3 Bxd2+ 6.Bxd2 Bb7 7.Bg5 d6 8.e3 Nbd7
9.Bd3 h6 10.Bh4 Qe7 11.Qc2 e5 12.dxe5 Nxe5 13.Nxe5 dxe5 14.Bxf6 Qxf6 15.Be4 Bxe4
16.Qxe4 O-O 17.O-O-O Qxf2 18.Rd7 Rad8 19.Rhd1 Rxd7 20.Rxd7 Rc8 21.Kb1 Qf6
22.Rd5 Re8 23.Rd7 Rc8  1/2-1/2

[Event "URS-ch sf"]
[Site "Aktjubinsk"]
[Date "1985.??.??"]
[Round "?"]
[White "Gorelov, Sergey G"]
[Black "Rashkovsky, Nukhim N"]
[Result "1/2-1/2"]
[WhiteElo "2425"]
[BlackElo "2410"]

1.d4 Nf6 2.c4 e6 3.Nf3 Bb4+ 4.Nbd2 d5 5.Qa4+ Nc6 6.a3 Bxd2+ 7.Bxd2 Ne4 8.Bf4 g5
9.Be3 h6 10.cxd5 Qxd5 11.h4 Rg8 12.hxg5 hxg5 13.Ne5 Bd7 14.Nxd7 Kxd7 15.O-O-O b5
16.Qc2 b4 17.f3 Nd6 18.Bf2 Qa2 19.Qb1 Qc4+ 20.Qc2 Qa2 21.Qb1 Qc4+  1/2-1/2

[Event "URS-ch sf"]
[Site "Aktjubinsk"]
[Date "1985.??.??"]
[Round "?"]
[White "Jailjan, M."]
[Black "Rashkovsky, Nukhim N"]
[Result "1-0"]
[WhiteElo "2200"]
[BlackElo "2410"]

1.d4 Nf6 2.c4 e6 3.Nf3 Bb4+ 4.Nbd2 d5 5.e3 c5 6.a3 Bxd2+ 7.Bxd2 cxd4 8.exd4 O-O
9.c5 b6 10.b4 bxc5 11.bxc5 Ne4 12.Bb5 Bd7 13.a4 Qe8 14.Bxd7 Qxd7 15.Bf4 f6
16.O-O Nc6 17.h3 Na5 18.Qe1 Nc4 19.Qb4 a6 20.Rab1 g5 21.Bh2 Rf7 22.Rfe1 h5
23.Rxe4 dxe4 24.Qxc4 exf3 25.c6 Qd5 26.Qxd5 exd5 27.gxf3 Re7 28.Bb8 Kf7 29.c7 Re8
30.Kg2 a5 31.Rb6 Ke7 32.f4 gxf4 33.Kf3 Kd7 34.Kxf4 Kc8 35.Kf5 Re4 36.Rd6 Rxb8
37.cxb8=Q+ Kxb8 38.Rxd5 Rh4 39.f4 Rxh3 40.Rxa5 Rf3 41.Ke4 Ra3 42.Rxh5 Rxa4
43.Rc5 Kb7 44.Kd5 Ra1 45.Ke6 Ra6+ 46.Kd5 Ra4  1-0

[Event "OHRA-B"]
[Site "Amsterdam"]
[Date "1985.??.??"]
[Round "1"]
[White "Boersma, Paulus A"]
[Black "Kurajica, Bojan"]
[Result "1/2-1/2"]
[WhiteElo "2385"]
[BlackElo "2505"]

1.d4 Nf6 2.c4 e6 3.Nf3 Bb4+ 4.Nbd2 d5 5.e3 O-O 6.a3 Be7 7.Bd3 c5 8.dxc5 a5
9.cxd5 Qxd5 10.Bc4 Qxc5 11.b3 b5 12.Be2 Bb7 13.Bb2 Nbd7 14.O-O Rfd8 15.Qb1 Qb6
16.Nd4 Ba6 17.Rc1 Bc5 18.Ne4 Nxe4 19.Qxe4 Bb7 20.Qh4 b4 21.axb4 Bxb4 22.Nf3  1/2-1/2

[Event "Bayamo"]
[Site "Bayamo"]
[Date "1985.??.??"]
[Round "10"]
[White "Knezevic, Milorad"]
[Black "Armas, Jorge"]
[Result "1/2-1/2"]
[WhiteElo "2405"]
[BlackElo "2330"]

1.d4 Nf6 2.Nf3 e6 3.c4 Bb4+ 4.Nbd2 b6 5.e3 Bb7 6.Bd3 Ne4 7.O-O f5 8.Qc2 Nxd2
9.Nxd2 Qh4 10.f4 Bxd2 11.Bxd2 Nc6 12.Bc3 Ne7 13.e4 O-O 14.Rf3 fxe4 15.Bxe4 Bxe4
16.Qxe4 Nf5 17.Qe5 c6 18.a4 Qe7 19.Re1 Nh4 20.Rf2 Ng6 21.Qe4 Qh4 22.g3 Qg4
23.Qe2 Qxe2 24.Rfxe2 Rf5 25.Rd1 Kf7 26.d5 cxd5 27.cxd5 Rxd5 28.Rxd5 exd5
29.f5 Ne7 30.g4 Nc6 31.Rd2 d4 32.Bxd4 Nxd4 33.Rxd4 Ke7 34.Rc4 b5 35.axb5 Rb8
36.Rc5 Rb6 37.Rd5 Rd6 38.Re5+ Kf7 39.g5 Rd2 40.b6 Rxb2 41.Rd5  1/2-1/2

[Event "Bayamo"]
[Site "Bayamo"]
[Date "1985.??.??"]
[Round "11"]
[White "Hernandez, Roman"]
[Black "Sariego, Wilfredo"]
[Result "0-1"]
[WhiteElo "2440"]
[BlackElo "2340"]

1.d4 Nf6 2.Nf3 e6 3.c4 Bb4+ 4.Nbd2 b6 5.e3 Bb7 6.Bd3 O-O 7.O-O c5 8.a3 Bxd2
9.Bxd2 Be4 10.Bc3 Bxd3 11.Qxd3 d6 12.b4 Nbd7 13.dxc5 dxc5 14.e4 e5 15.b5 a5  0-1

[Event "Midwest Masters"]
[Site "Chicago"]
[Date "1985.??.??"]
[Round "4"]
[White "Bisguier, Arthur Bernard"]
[Black "Karklins, Andrew"]
[Result "1/2-1/2"]
[WhiteElo "2440"]
[BlackElo "2200"]

1.d4 Nf6 2.c4 e6 3.Nf3 Bb4+ 4.Nbd2 d6 5.Qc2 Nc6 6.e3 O-O 7.Bd3 e5 8.O-O Bxd2
9.Bxd2 Bg4 10.dxe5 dxe5 11.Ng5 h6 12.Ne4 Nxe4 13.Bxe4 Be2 14.Rfc1 Bxc4 15.Qxc4 Qxd2
16.Rc2 Qd6 17.Bxc6 bxc6 18.Qxc6 Rfd8 19.Qc4 Rab8 20.h3 Rb4 21.Qc3 Rb5 22.Rac1 Rd7
23.b3 Rd5 24.Qc4 Rd1+ 25.Rxd1 Qxd1+ 26.Kh2 Rd2 27.Rxd2 Qxd2 28.Qxc7 Qxa2
29.Qxe5 Qxb3 30.h4 Qb4 31.f4 a5 32.Qe8+ Qf8 33.Qa4 Qb4  1/2-1/2

[Event "Frunze"]
[Site "Frunze"]
[Date "1985.??.??"]
[Round "10"]
[White "Novak, Ivan"]
[Black "Makarichev, Sergey"]
[Result "0-1"]
[WhiteElo "2290"]
[BlackElo "2495"]

1.d4 Nf6 2.c4 e6 3.Nf3 Bb4+ 4.Nbd2 b6 5.a3 Bxd2+ 6.Bxd2 Bb7 7.Bg5 d6 8.e3 Nbd7
9.Be2 h6 10.Bh4 g5 11.Bg3 h5 12.h4 g4 13.Ng5 Bxg2 14.Rg1 Bb7 15.f3 Qe7 16.Rf1 Nh7
17.Nxh7 Rxh7 18.Qa4 O-O-O 19.Qxa7 e5 20.c5 dxc5 21.d5 c4 22.Rc1 b5 23.fxg4 Nc5
24.Rf5 Rxd5 25.Bf3 e4 26.Rxd5 Bxd5 27.Be2 Rh6 28.b4 Nd3+ 29.Bxd3 exd3 30.g5 Rb6
31.Kd2 Bb7 32.Rf1 c3+ 33.Kxc3 Qxe3 34.Bf2 Rc6+ 35.Kb3 Qe6+  0-1

[Event "URS-ch sf"]
[Site "Kostroma"]
[Date "1985.??.??"]
[Round "6"]
[White "Basin, Leonid"]
[Black "Khasin, Alexander"]
[Result "1/2-1/2"]
[WhiteElo "2200"]
[BlackElo "2420"]

1.d4 Nf6 2.c4 e6 3.Nf3 Bb4+ 4.Nbd2 c5 5.a3 Bxd2+ 6.Qxd2 cxd4 7.Nxd4 O-O 8.e3 Nc6
9.Be2 e5 10.Nb5 d5 11.O-O Be6 12.cxd5 Nxd5 13.Rd1 Qb6 14.b4 Rfd8 15.Qe1 a6
16.Nc3 Nxc3 17.Qxc3 Rxd1+ 18.Bxd1 Rd8 19.Bb2 Qb5 20.Bc2 Qc4 21.Rd1 Rxd1+
22.Bxd1 Qxc3 23.Bxc3 f6 24.Kf1 Bd5 25.Bc2 h6 26.f3 Kf7 27.Ke2 Bc4+ 28.Bd3 Bxd3+
29.Kxd3 b5 30.e4 Ke6  1/2-1/2

[Event "URS-ch sf"]
[Site "Kostroma"]
[Date "1985.??.??"]
[Round "10"]
[White "Malaniuk, Vladimir P"]
[Black "Khasin, Alexander"]
[Result "1-0"]
[WhiteElo "2465"]
[BlackElo "2420"]

1.d4 Nf6 2.c4 e6 3.Nf3 Bb4+ 4.Nbd2 b6 5.a3 Bxd2+ 6.Bxd2 Bb7 7.Bg5 h6 8.Bh4 d6
9.e3 Nbd7 10.Bd3 g5 11.Bg3 h5 12.h4 g4 13.Ng5 Bxg2 14.Rg1 Bb7 15.Qc2 Qe7
16.b4 e5 17.c5 dxc5 18.bxc5 bxc5 19.Bc4 O-O-O 20.dxe5 Nxe5 21.Bxe5 Qxe5 22.Rb1 Nd5
23.Nxf7 Nxe3 24.Qb3 Nc2+ 25.Kf1 Qe4 26.Ng5 Nd4 27.Be6+ Kb8 28.Nxe4 Nxb3 29.Rxb3 Rhe8
30.Nxc5 Rd1+ 31.Ke2 Rxg1 32.Na6+  1-0

[Event "Naleczow (Women)"]
[Site "Naleczow"]
[Date "1985.??.??"]
[Round "5"]
[White "Fatalibekova, Elena"]
[Black "Sikora Gizynska, Bozena"]
[Result "1/2-1/2"]
[WhiteElo "2120"]
[BlackElo "2035"]

1.d4 Nf6 2.Nf3 e6 3.c4 Bb4+ 4.Nbd2 d5 5.Qc2 O-O 6.g3 Nbd7 7.Bg2 c6 8.O-O Bd6
9.e4 dxe4 10.Nxe4 Nxe4 11.Qxe4 Nf6 12.Qe2 c5 13.Rd1 Qb6 14.Be3 Ng4 15.dxc5 Bxc5
16.Bxc5 Qxc5 17.h3 Nf6 18.Ne5 Qc7 19.b3 Nd7 20.Ng4 h5 21.Nh2 Nf6 22.Nf3 b6
23.Qe5 Qb8 24.Qxb8 Rxb8 25.Ne5 Bb7 26.Nd7 Nxd7 27.Rxd7 Bxg2 28.Kxg2 a5 29.Rad1 Rfc8
30.Ra7 Ra8 31.Rb7 Rab8 32.Rdd7 Rxb7 33.Rxb7 Rc6 34.Kf3 g6 35.Ke4 a4 36.f4 axb3
37.axb3 Kf8 38.Ke5 Kg7 39.g4 hxg4 40.hxg4 g5 41.fxg5 Kg6 42.Kf4 Rd6 43.Ke4 Rc6
44.Ke5 Kg7 45.Rb8 Kg6 46.Rb7 Kg7 47.Kd4 Rd6+ 48.Kc3 Kg6 49.Kb4 e5  1/2-1/2

[Event "JUG-ch"]
[Site "Novi Sad"]
[Date "1985.??.??"]
[Round "?"]
[White "Redzepagic, Rolando"]
[Black "Barlov, Dragan"]
[Result "1/2-1/2"]
[WhiteElo "2300"]
[BlackElo "2430"]

1.d4 Nf6 2.c4 e6 3.Nf3 Bb4+ 4.Nbd2 b6 5.e3 Bb7 6.Bd3 O-O 7.O-O d5 8.a3 Bxd2
9.Bxd2 Nbd7 10.b3 Ne4 11.Bc1 c5 12.Bb2 Qe7 13.Qe2  1/2-1/2

[Event "SVK-ch"]
[Site "Piestany"]
[Date "1985.??.??"]
[Round "10"]
[White "Tibensky, Robert"]
[Black "Sukuba, Zdenek"]
[Result "1-0"]
[WhiteElo "2340"]
[BlackElo "2200"]

1.d4 Nf6 2.c4 e6 3.Nf3 Bb4+ 4.Nbd2 Ne4 5.e3 O-O 6.Bd3 d5 7.O-O Nxd2 8.Bxd2 Bxd2
9.Qxd2 Nd7 10.Rac1 c6 11.b4 dxc4 12.Bxc4 e5 13.d5 e4 14.Nd4 Ne5 15.dxc6 bxc6
16.Be2 Bd7 17.Rc5 f6 18.f4 exf3 19.gxf3 Bh3 20.Rd1 Qe8 21.Bf1 Qg6+ 22.Kh1 Qh5
23.Bg2 Rad8 24.Rg1 Rd5 25.Rc2 Rfd8 26.Qe2 Bxg2+ 27.Qxg2 Qh6 28.Nf5  1-0

[Event "Plovdiv"]
[Site "Plovdiv"]
[Date "1985.??.??"]
[Round "?"]
[White "Yuferov, Sergey  N"]
[Black "Garkov, Mitko"]
[Result "0-1"]
[WhiteElo "2440"]
[BlackElo "2275"]

1.d4 Nf6 2.c4 e6 3.Nf3 Bb4+ 4.Nbd2 O-O 5.a3 Be7 6.e4 d5 7.e5 Nfd7 8.Bd3 c5
9.h4 h6 10.Bb1 cxd4 11.cxd5 exd5 12.Nb3 Nc6 13.Qd3 f5 14.Bf4 Nc5 15.Nxc5 Bxc5
16.b4 Bb6 17.Ba2 a6 18.Rh3 Be6 19.Rg3 Kh7 20.h5 Qe8 21.Rc1 Rc8 22.Kd2 Ne7
23.Rxc8 Bxc8 24.Rh3 Be6 25.Nxd4 Bxd4 26.Qxd4 Nc6 27.Qc5 Qe7 28.Qxe7 Nxe7
29.Rc3 Nc6 30.Rc5 Rd8 31.Bg3 Kg8 32.f4 Kf7 33.Bh4 Rd7 34.Bb1 Ke8 35.g4 Rf7
36.Bd3 Kd7 37.gxf5 Bxf5 38.Rxd5+ Ke8 39.Ke3 Bxd3 40.Rxd3 Rf5 41.Ke4 Rxh5
42.Bf2 Rh2 43.Bc5 Re2+ 44.Be3 g6 45.Kd5 Ke7 46.Bc5+ Kf7 47.Kd6 g5 48.fxg5 Nxe5
49.Rg3 hxg5 50.Kc7 Nc4 51.Kxb7 Re6 52.a4 Kg6 53.Rg1 Nb2 54.a5 Na4 55.Bb6 Re4
56.Bc5 Re6 57.Rg3 Kf5 58.Bb6 g4 59.Kxa6 Kf4 60.Rg1 g3 61.Rc1 g2 62.Kb5 Nc3+
63.Kc4 Ne2 64.Re1 Kf3 65.b5 Re4+ 66.Kd3 Nf4+  0-1

[Event "Bohemians"]
[Site "Prague"]
[Date "1985.??.??"]
[Round "?"]
[White "Efimov, Igor"]
[Black "Spiridonov, Nikola"]
[Result "1-0"]
[WhiteElo "2405"]
[BlackElo "2400"]

1.d4 Nf6 2.c4 e6 3.Nf3 Bb4+ 4.Nbd2 c5 5.a3 Bxd2+ 6.Bxd2 d6 7.dxc5 dxc5 8.Bf4 Qxd1+
9.Rxd1 b6 10.e3 Bb7 11.Be2 Nc6 12.O-O O-O 13.b4 cxb4 14.axb4 Rfd8 15.b5 Na5
16.Rxd8+ Rxd8 17.c5 Nd5 18.Rd1 Rc8 19.c6 Ba8 20.Be5 f6 21.e4 Ne7 22.Bc3 Ng6
23.Bxa5 bxa5 24.Rd7 a6 25.c7 Nf8 26.Rd8 Rxc7 27.Rxa8 Rc1+ 28.Bf1 axb5 29.Rxa5 b4
30.Rb5 Rb1 31.g3 Nd7 32.Kg2 Kf8 33.Nd4 e5 34.Nc6 b3 35.Na5 b2 36.Nc4 Re1
37.Nd2 Nc5 38.Rxb2 Nxe4 39.Nxe4 Rxe4 40.Bd3 Rd4 41.Bxh7 g5 42.Bf5 Ra4 43.Rb8+ Kg7
44.Rb7+ Kf8 45.Bg6 Kg8 46.Bc2 Rd4 47.Bb3+ Kh8 48.Rf7 Rd6 49.h4 gxh4 50.gxh4 Rb6
51.Bd5 Rd6 52.Be4 Kg8 53.Rc7 Rd4 54.f3 f5 55.Bxf5 Rxh4 56.Re7 Rh5 57.Rxe5 Kg7
58.Rb5  1-0

[Event "Bohemians"]
[Site "Prague"]
[Date "1985.??.??"]
[Round "?"]
[White "Knezevic, Milorad"]
[Black "Tseitlin, Mikhail S"]
[Result "1/2-1/2"]
[WhiteElo "2405"]
[BlackElo "2445"]

1.d4 Nf6 2.c4 e6 3.Nf3 Bb4+ 4.Nbd2 c5 5.e3 b6 6.Bd3 Bb7 7.O-O O-O 8.dxc5 Bxc5
9.a3 a5 10.b3 d5 11.Bb2 Qe7 12.Qe2 Nc6 13.Rfd1 Rfd8 14.e4 dxe4 15.Nxe4 Nd4
16.Nxd4 Bxd4 17.Bxd4 Rxd4 18.Nxf6+ Qxf6 19.Bc2 Rad8 20.Rxd4  1/2-1/2

[Event "Reykjavik"]
[Site "Reykjavik"]
[Date "1985.??.??"]
[Round "4"]
[White "Jussupow, Artur"]
[Black "Hort, Vlastimil"]
[Result "1-0"]
[WhiteElo "2590"]
[BlackElo "2560"]

1.d4 Nf6 2.c4 e6 3.Nf3 Bb4+ 4.Nbd2 b6 5.a3 Bxd2+ 6.Bxd2 Bb7 7.Bg5 h6 8.Bh4 d6
9.e3 Nbd7 10.Qc2 Qe7 11.Rd1 O-O 12.Bd3 c5 13.O-O Rfd8 14.Nd2 Rac8 15.Qb1 Nf8
16.b4 Ba8 17.Rfe1 g5 18.Bg3 Nh5 19.Nf1 Qf6 20.d5 e5 21.b5 Bb7 22.Nd2 Rc7
23.Ne4 Qg7 24.Be2 Nxg3 25.Nxg3 Bc8 26.h3 Ng6 27.Bg4 Nh4 28.a4 Qh7 29.Bxc8 Rdxc8
30.Qxh7+ Kxh7 31.a5 f5 32.Ra1 Kg6 33.axb6 axb6 34.Ra6 Rb7 35.Rea1 e4 36.Ra7 Rcc7
37.Rxb7 Rxb7 38.Ra8 Kf6 39.Nh5+ Kg6 40.g4 Nf3+ 41.Kg2 fxg4 42.hxg4 Rf7 43.Rd8  1-0

[Event "Aarhus-B"]
[Site "Aarhus"]
[Date "1986.??.??"]
[Round "3"]
[White "Schandorff, Lars"]
[Black "Sorensen, Henrik"]
[Result "1/2-1/2"]
[WhiteElo "2335"]
[BlackElo "2250"]

1.d4 Nf6 2.c4 e6 3.Nf3 Bb4+ 4.Nbd2 b6 5.a3 Bxd2+ 6.Bxd2 Bb7 7.Bg5 h6 8.Bh4 d6
9.e3 Nbd7 10.Bd3 Qe7 11.Qc2 e5 12.dxe5 Nxe5 13.Nxe5 dxe5 14.Qa4+ Qd7 15.Qxd7+ Nxd7
16.O-O Nc5 17.Be2 Nb3 18.Rad1 Be4 19.f3 Bc2 20.Rd5 f6 21.Bd1 Bxd1 22.Rfxd1 Nc5
23.f4 exf4 24.exf4 O-O 25.Bf2 Nb7 26.Rd7 Rad8 27.b4 Rxd7 28.Rxd7 Rf7 29.Rd4 c5
30.bxc5 Nxc5 31.Rd8+  1/2-1/2

[Event "FRA-ch"]
[Site "Epinal"]
[Date "1986.??.??"]
[Round "7"]
[White "Meinsohn, Francis"]
[Black "Cerisier, Philippe"]
[Result "1/2-1/2"]
[WhiteElo "2275"]
[BlackElo "2275"]

1.d4 Nf6 2.c4 e6 3.Nf3 Bb4+ 4.Nbd2 b6 5.a3 Bxd2+ 6.Bxd2 Bb7 7.Bg5 d6 8.e3 Nbd7
9.Qc2 h6 10.Bh4 Qe7 11.Bd3 g5 12.Bg3 h5 13.h4 g4 14.Ng5 Bxg2 15.Rg1 Bb7 16.O-O-O e5
17.Bf5 e4 18.d5 a5 19.Nxe4 Nxe4 20.Bxe4 Nc5 21.Qc3 Nb3+ 22.Qxb3 Qxe4 23.Rd4 Qe7
24.c5 dxc5 25.d6 Qe6 26.Qa4+ Kf8 27.Rd2 cxd6 28.Rxd6 Qf5 29.Rgd1 Bf3 30.R1d2 Kg7
31.Rxb6 Rhd8 32.Rbd6 Rxd6 33.Rxd6 c4 34.Rd4 Be2 35.Bf4 Rc8 36.Kd2 Bd3 37.Qd7 Qxd7
38.Rxd7 Rc5 39.a4 Bf5 40.Rd4 Bb1 41.e4 Ba2 42.Kc3 Bb3 43.Rd5 Rxd5 44.exd5 Bxa4
45.Kxc4 Bd1 46.Bc7 a4 47.d6 g3 48.f3 g2 49.Bb6 g1=Q 50.Bxg1 Kf8 51.Kb5 Ke8
52.f4 Kd7 53.Bc5  1/2-1/2

[Event "ISL-ch"]
[Site "Grundarfjordur"]
[Date "1986.??.??"]
[Round "7"]
[White "Hjartarson, Johann"]
[Black "Arnason, Jon L"]
[Result "1/2-1/2"]
[WhiteElo "2505"]
[BlackElo "2500"]

1.d4 Nf6 2.c4 e6 3.Nf3 Bb4+ 4.Nbd2 b6 5.a3 Bxd2+ 6.Bxd2 Bb7 7.Bg5 d6 8.e3 Nbd7
9.Bd3 h6 10.Bh4 Qe7 11.Qc2 g5 12.Bg3 h5 13.h3 h4 14.Bh2 Rg8 15.Rg1 g4 16.Nxh4 gxh3
17.Bg3 hxg2 18.Nxg2 Nh5 19.Be4 Bxe4 20.Qxe4 d5 21.cxd5 Nxg3 22.fxg3 Nf6 23.Qc2 Qd6
24.dxe6 Qxg3+ 25.Qf2 fxe6 26.Qxg3 Rxg3 27.Ke2 Ke7 28.Nf4 Rag8  1/2-1/2

[Event "URS-FL"]
[Site "Kujbyshev"]
[Date "1986.??.??"]
[Round "?"]
[White "Tukmakov, Vladimir B"]
[Black "Rashkovsky, Nukhim N"]
[Result "1/2-1/2"]
[WhiteElo "2575"]
[BlackElo "2445"]

1.d4 Nf6 2.Nf3 e6 3.c4 Bb4+ 4.Nbd2 d5 5.Qa4+ Nc6 6.a3 Bxd2+ 7.Bxd2 Ne4 8.Rd1 O-O
9.e3 Bd7 10.Qc2 Be8 11.Be2 f6 12.b4 a6 13.O-O Kh8 14.Kh1 Ne7 15.Be1 c6 16.Rc1 b5
17.c5 Ng6 18.Bd3 f5 19.Ne5 Nxe5 20.dxe5 Qg5 21.f4  1/2-1/2

[Event "URS-ch sf"]
[Site "Lvov"]
[Date "1986.??.??"]
[Round "57"]
[White "Zakharov, Alexander S"]
[Black "Lisenko, Alexander V"]
[Result "0-1"]
[WhiteElo "2385"]
[BlackElo "2370"]

1.d4 Nf6 2.c4 e6 3.Nf3 Bb4+ 4.Nbd2 b6 5.e3 Bb7 6.Be2 c5 7.O-O cxd4 8.Nxd4 O-O
9.a3 Be7 10.b4 Qc8 11.Bb2 d6 12.Rc1 Nbd7 13.f4 Ne4 14.Nxe4 Bxe4 15.f5 Bg5
16.Rc3 exf5 17.Nxf5 Bxf5 18.Rxf5 Bf6 19.Qxd6 Bxc3 20.Bxc3 Qe8 21.Qd4 f6 22.Bf3 Rd8
23.Bc6 Qe7 24.Bd5+ Kh8 25.Rh5 g6 26.Rh4 Ne5 27.Rf4 Kg7 28.h4 Nxc4 29.Rxf6 Rxf6
30.Qxc4 Qxe3+ 31.Kh2 Qe7 32.Qc6 Qd6+ 33.Qxd6 Rxd6 34.Ba2 Kf8 35.Bxf6 Rxf6
36.Kg3 Rf1  0-1

[Event "Minsk Int"]
[Site "Minsk"]
[Date "1986.??.??"]
[Round "?"]
[White "Dydyshko, Viacheslav"]
[Black "Kosten, Anthony C"]
[Result "0-1"]
[WhiteElo "2485"]
[BlackElo "2405"]

1.d4 e6 2.c4 Nf6 3.Nf3 Bb4+ 4.Nbd2 b6 5.e3 Bb7 6.Bd3 c5 7.O-O O-O 8.dxc5 Bxc5
9.b3 Nc6 10.a3 a5 11.Bb2 d5 12.Qc2 h6 13.cxd5 exd5 14.Rad1 Qe7 15.Qc1 Ng4
16.Rfe1 Rad8 17.Qc3 f6 18.Nd4 Qd6 19.g3 Nge5 20.Bb1 Ba6 21.f4 Bxd4 22.exd4 Nd7
23.Nf3 Rfe8 24.Nh4 Nf8 25.Qf3 Qd7 26.Bf5 Qf7 27.Bc2 Bc8 28.Nf5 Bxf5 29.Bxf5 Ne7
30.Bd3 Nc8 31.a4 Nd7 32.Bb5 Nd6 33.Bc6 Ne4 34.Rxe4 Rxe4 35.f5 Nf8 36.Ba3 Nh7
37.h4 Nf8 38.Kg2 Nd7 39.Rc1 Nb8 40.Bb5 Kh7 41.Bb2 Qe7 42.Kf2 Qb4 43.Rc7 Qd2+  0-1

[Event "Minsk Int"]
[Site "Minsk"]
[Date "1986.??.??"]
[Round "?"]
[White "Paunovic, Dragan"]
[Black "Kosten, Anthony C"]
[Result "1/2-1/2"]
[WhiteElo "2425"]
[BlackElo "2405"]

1.d4 e6 2.Nf3 Nf6 3.c4 Bb4+ 4.Nbd2 b6 5.e3 Bb7 6.Bd3 c5 7.O-O O-O 8.b3 cxd4
9.exd4 Nc6 10.Bb2 d5 11.Qe2 Rc8 12.Rfd1 Re8 13.Nf1 Bf8 14.Rac1 g6 15.Ne3 Bg7
16.Bb1 Rc7 17.Ne5 dxc4 18.bxc4 Qc8 19.f4 Ba6 20.Qf2 Na5 21.d5 exd5 22.cxd5 Rxc1
23.Rxc1 Qd8 24.f5 Qd6 25.N3g4 Nxg4 26.Nxg4 Re2 27.Qxe2 Bxe2 28.Rc8+ Qf8 29.Rxf8+ Kxf8
30.f6 Bxg4 31.fxg7+ Kg8 32.Bd3 Bd7 33.Ba6 b5 34.Bd4 b4 35.Kf2 b3 36.axb3 Nxb3
37.Bb2 f6 38.Bc4 Na5 39.Ba2 Kxg7 40.Bd4 a6 41.Bb6 Nb7 42.Ke3 Kf7 43.Kd4 Ke7
44.Bc7 Bb5 45.Bb1 Kd7 46.Bf4 Ke7 47.h4 Be2 48.Bc2 Kd7 49.g3  1/2-1/2

[Event "ARG-chJ"]
[Site "Neuquen"]
[Date "1986.??.??"]
[Round "3"]
[White "Sorin, Ariel"]
[Black "Hoffman, Alejandro"]
[Result "0-1"]
[WhiteElo "2230"]
[BlackElo "2335"]

1.d4 Nf6 2.c4 e6 3.Nf3 Bb4+ 4.Nbd2 b6 5.a3 Bxd2+ 6.Bxd2 Bb7 7.Bg5 d6 8.e3 Nbd7
9.Bd3 h6 10.Bh4 Qe7 11.b4 a5 12.O-O g5 13.Bg3 Ne4 14.Qc2 Nxg3 15.fxg3 O-O
16.e4 axb4 17.axb4 c5 18.bxc5 bxc5 19.Rab1 Bc6 20.d5 Ba4 21.Qd2 exd5 22.exd5 Ne5
23.Nxe5 Qxe5 24.Kh1 Rab8 25.Rxb8 Rxb8 26.Qa5 Rb4 27.Qc7 Be8 28.g4 Rb3 29.Bf5 Re3
30.Be6 Re1  0-1

[Event "New York op"]
[Site "New York"]
[Date "1986.??.??"]
[Round "?"]
[White "Browne, Walter S"]
[Black "Djuric, Stefan"]
[Result "0-1"]
[WhiteElo "2510"]
[BlackElo "2435"]

1.d4 Nf6 2.c4 e6 3.Nf3 Bb4+ 4.Nbd2 c5 5.a3 Bxd2+ 6.Qxd2 cxd4 7.Nxd4 Nc6 8.e3 d5
9.cxd5 exd5 10.Nxc6 bxc6 11.b4 O-O 12.Bb2 a5 13.Rc1 axb4 14.axb4 Qd6 15.Qd4 Re8
16.Bd3 Ba6 17.Bb1 Bb5 18.f3 Rxe3+ 19.Kf2 Re2+ 20.Kg1 Rae8 21.Bc3 Nh5 22.g3 Qe6
23.g4 Qh6 24.Rc2 Nf4  0-1

[Event "POL-chT"]
[Site "Porabka"]
[Date "1986.??.??"]
[Round "?"]
[White "Szypulski, Andrzej"]
[Black "Ksieski, Zbigniew"]
[Result "1/2-1/2"]
[WhiteElo "2280"]
[BlackElo "2385"]

1.d4 Nf6 2.Nf3 e6 3.c4 Bb4+ 4.Nbd2 b6 5.a3 Bxd2+ 6.Qxd2 Bb7 7.g3 Bxf3 8.exf3 c5
9.b4 cxd4 10.Qxd4 O-O 11.Bb2 d5 12.cxd5 exd5 13.Bb5 a6 14.Bd3 Nc6 15.Qf4 Nh5
16.Qg4 Nf6 17.Qg5 Re8+ 18.Kf1 d4 19.Rd1 Ne5 20.Be2 Nc6 21.Bd3 Ne5 22.Qf5 a5
23.Bb5 Re6 24.Rxd4 Qe7 25.Kg2 axb4 26.axb4 g6 27.Qf4 Ra2 28.Rd2 Nd5 29.Qh6 Rxb2
30.Rxb2 Nxf3 31.Rc1 Qb7 32.Rbc2 Nf4+ 33.Kh1 Nd4+ 34.Bc6 Nxc6 35.Qxf4 Nd4+
36.f3 Nxc2 37.Rxc2 Qd5 38.Kg2 h5 39.Qd2 Qe5 40.Qc3 Qxc3 41.Rxc3 Re2+ 42.Kh3 Rb2
43.Rc4 b5 44.Rd4 Kg7 45.g4 hxg4+ 46.Rxg4 f5 47.Rd4 Kh6 48.Kg3 Kg5 49.h3 Kf6
50.f4 Kg7 51.Kh4 Kh6 52.Rd8 Rxb4 53.Rh8+ Kg7 54.Rb8 Rxf4+ 55.Kg5 Rb4 56.Rb7+ Kf8
57.Kxg6 f4 58.Rf7+ Ke8 59.Rf5  1/2-1/2

[Event "POL-chT"]
[Site "Porabka"]
[Date "1986.??.??"]
[Round "?"]
[White "Szypulski, Andrzej"]
[Black "Hanasz, Waldemar"]
[Result "1/2-1/2"]
[WhiteElo "2280"]
[BlackElo "2260"]

1.Nf3 Nf6 2.c4 e6 3.d4 Bb4+ 4.Nbd2 b6 5.a3 Bxd2+ 6.Bxd2 Bb7 7.g3 O-O 8.Bg2 d6
9.O-O Nbd7 10.Qc2 Qe7 11.b4 c5 12.dxc5 dxc5 13.Ne1 Bxg2 14.Nxg2 Rac8 15.Ne3 Ne5
16.b5 Nfg4 17.Ng2 f5 18.Rae1 Rcd8 19.f3 Nf6 20.Bc3 Ng6 21.Rd1 Rxd1 22.Rxd1 Rd8
23.Rxd8+ Qxd8 24.Qd3 Qe7 25.Nf4 Kf7 26.Nxg6 Kxg6 27.Be5 Nd7 28.Bc7 Kf7 29.Kf1 g6
30.Ke1 h5 31.Kd1 Nf6 32.Bd6 Qd7 33.Kc2 Qb7 34.h4 Nd7 35.Qe3 Qa8 36.Qh6 Qg8
37.Qg5 Qe8 38.e4 fxe4 39.fxe4 e5 40.Bc7 Qe6 41.Kb3 Qg4  1/2-1/2

[Event "POL-chT"]
[Site "Porabka"]
[Date "1986.??.??"]
[Round "?"]
[White "Twardon, Marian"]
[Black "Hass, Roman"]
[Result "1/2-1/2"]
[WhiteElo "2345"]
[BlackElo "2305"]

1.d4 Nf6 2.c4 e6 3.Nf3 Bb4+ 4.Nbd2 b6 5.a3 Bxd2+ 6.Bxd2 Bb7 7.Bg5 O-O 8.e3 d6
9.Qc2 Nbd7 10.Rd1 Qe7 11.Be2 h6 12.Bh4 g5 13.Bg3 Ne4 14.Nd2 f5 15.f3 Nxg3
16.hxg3 Kg7 17.e4 c5 18.dxc5 dxc5 19.Qc3+ Qf6 20.Qxf6+ Nxf6 21.exf5 exf5
22.O-O Nh5 23.Kf2 Rae8 24.Rfe1 f4 25.g4 Nf6 26.Bd3 Kf7 27.Bf5 Rxe1 28.Rxe1 Re8
29.Rxe8 Nxe8 30.Be4 Bc8 31.g3  1/2-1/2

[Event "FIN-ch"]
[Site "Pori"]
[Date "1986.??.??"]
[Round "?"]
[White "Yrjola, Jouni"]
[Black "Rantanen, Yrjo A"]
[Result "1-0"]
[WhiteElo "2440"]
[BlackElo "2395"]

1.d4 Nf6 2.c4 e6 3.Nf3 Bb4+ 4.Nbd2 a5 5.Qc2 d6 6.e3 Nc6 7.Be2 e5 8.O-O Bg4
9.h3 Bh5 10.Ne4 Nxe4 11.Qxe4 Bg6 12.Qg4 a4 13.h4 Qf6 14.a3 Ba5 15.c5 h5 16.Qg3 exd4
17.exd4 Nxd4 18.Nxd4 Qxd4 19.cxd6 O-O 20.dxc7 Rac8 21.Bf4 Rfe8 22.Bb5 Re4
23.Rad1 Qc5 24.Bd3 Rxf4 25.Qxf4 Bxc7 26.Qf3 Qe5 27.g3 Qxb2 28.Bxg6 fxg6 29.Qd5+ Kh7
30.Qd7  1-0

[Event "Nordic-USA"]
[Site "Reykjavik"]
[Date "1986.??.??"]
[Round "2"]
[White "Browne, Walter S"]
[Black "Arnason, Jon L"]
[Result "1/2-1/2"]
[WhiteElo "2510"]
[BlackElo "2500"]

1.d4 Nf6 2.c4 e6 3.Nf3 Bb4+ 4.Nbd2 b6 5.a3 Bxd2+ 6.Qxd2 Bb7 7.e3 O-O 8.b4 a5
9.Bb2 d6 10.Be2 Ne4 11.Qd3 f5 12.O-O c5 13.dxc5 bxc5 14.b5 Nd7 15.Rad1 Nb6
16.Ne1 d5 17.Qc2 Qe7 18.Nf3 dxc4 19.Ne5 c3 20.Bxc3 Nxc3 21.Qxc3 f4 22.exf4 Nd5
23.Qg3 Nxf4 24.Bf3 Bd5 25.Kh1 a4 26.Nd3 Nxd3 27.Rxd3 Qb7 28.Bxd5 exd5 29.Qd6 Qxb5
30.Qxd5+ Kh8 31.g3 Rab8 32.Kg2 h6 33.Rc3  1/2-1/2

[Event "URS-ch sf"]
[Site "Sevastopol"]
[Date "1986.??.??"]
[Round "?"]
[White "Kharitonov, Andrei Y"]
[Black "Osnos, Viatcheslav"]
[Result "1/2-1/2"]
[WhiteElo "2460"]
[BlackElo "2435"]

1.d4 Nf6 2.Nf3 e6 3.c4 Bb4+ 4.Nbd2 d6 5.g3 Nbd7 6.Bg2 e5 7.O-O exd4 8.Nxd4 Bc5
9.N2f3 O-O 10.b3 Ne5 11.Bb2 Bg4 12.Qc2 Nxf3+ 13.Nxf3 Re8 14.e3 c6 15.Nh4 Qe7
16.h3 Be6 17.Rad1 Rad8 18.Nf5 Bxf5 19.Qxf5 Ne4 20.Qg4 f6 21.Rd3 Ng5 22.Kh2 a5
23.Bc3 Ra8 24.Rfd1 Ne4 25.Be1 Ng5 26.Qe2 f5 27.Qb2 Nf7 28.Bc3 Ne5 29.R3d2 a4
30.Qc2 Qf7  1/2-1/2